000 02286nam0a2200433 4500
001 RU\NLR\BIBL_A\011652522
005 20180326160547.0
010 _a978-5-8295-0548-6
_9500
021 _aRU
_bКН-П-18-008276
_9КН-П-18-0575
035 _a(NLR Aleph) 011652522
035 _a(RuMoRGB)009537461
090 _a11135971
_c11135971
100 _a20180305d2017 u y0rusy50 ca
101 0 _arus
102 _aRU
105 _aac z |00zy
200 1 _aТайны и парадоксы вокального искусства. Смена певческой парадигмы - актуальная проблема вокальной педагогики XXI века
_e[методическое пособие]
_fВ. Н. Шерстов
_gМинистерство культуры Российской Федерации, Уральская государственная консерватория им. М. П. Мусоргского
210 _aЕкатеринбург
_cИзд-во УМЦ УПИ
_d2017
215 _a500 с., [6] л. цв. ил., портр.
_cцв. портр.
_d21
320 _aБиблиогр. в подстроч. примеч.
517 1 _aСмена певческой парадигмы - актуальная проблема вокальной педагогики XXI века
606 1 _aПевческий голос
_jМетодические пособия
_92325066
_3RU\NLR\AUTH\661390772
606 1 _aПение
_jМетодические пособия
_91120754
_3RU\NLR\AUTH\66124245
606 1 _aВокальное образование
_jМетодические пособия
_xМетодология
_92359273
_3RU\NLR\AUTH\6601631415
606 1 _aПение
_jМетодические пособия
_xПреподавание
_9912043
_3RU\NLR\AUTH\66333207
686 _aЩ314.3-7р-3,0
_2rubbk
686 _aЩ314-73(0)64,0
_2rubbk
686 _aЮ945.442,0
_2rubbk
686 1 _aЩ310.714.3я7
686 1 _aЩ310.714я7
686 1 _aЧ459.782в.
686 1 _aЧ426.67-9я8
686 1 _aЧ459.782.6я8
700 1 _aШерстов
_bВ. Н.
_gВалерий Николаевич
942 _cBOOK
980 _aNBR
980 _aNB